01447nam a2200277 a 4500001001000000005001700010008004100027041000800068044000700076084002000083100004500103245007400148260002600222300001700248500019000265500027800455500013600733500001000869546002500879650005200904650005600956650003401012650004501046700002801091740005001119BRCA_310720190320204121.0290109s1846----fr-#---###---#000-0#fre-u afre afr a413b.D53c18461 aCervantes Saavedra, Miguel ded1547-161610aHistoire de Don Quichotte de la ManchecMiguel de Cervantes Saavedra. aParísbDidierc1846 a2 v.c18 cm. aContenido : v 1. Primera parte. Advertencia del traductor. Elogio de Mor de Fuentes. Prólogo del autor. Texto. -- v 2. Segunda parte. Dedicatoria del autor. Prólogo del autor. Texto aEdición : Traduite sur le texte original et d´après les traductions comparèes de Oudin et Rosset, Filleau de Saint-Martin, Florian, Bouchon-Dubounial, Delaunay et L. Viardot, par F. de Brotonne, conservateur de la Bibliotèque de Sainte-Genviève. Nouvelle Edition aEdición similar al LO-412, pero de menor tamaño y sin láminas. Semipiel; lomos decorados con filetes dorados Lúdovik Osterc aQM335 aTexto en : francés14aNovela españolayÉpoca clásica, 1500-170014aLiteratura españolayÉpoca clásica, 1500-170014aNovela españolaySiglo XVII14aDon Quijote (Personaje ficticio)eNovela1 aBrotonne, F.eTraductor0 aEl Ingenioso Hidalgo Don Quijote de la Mancha